000 00483nam a2200145 4500
008 151008b xxu||||| |||| 00| 0 eng d
020 _a0942728157
050 _aKF 9672 .R88 2000
100 _aRutledge, Devallis.
_d2000.
245 _aCourtroom survival:
_bThe officers guide to better testimony/
_cDevallis Rutledge:
260 _aUSA;
_bCopper house atomic dog,
_c2000.
300 _a188 p. : ill.
650 _aCourtroom.
942 _2lcc
_cBOOKS
_hKF 9672 .R88 2000
_03
999 _c7968
_d7968